书目信息 |
| 题名: |
低度白酒生产技术
|
|
| 作者: | 李大和 主编 | |
| 分册: | ||
| 出版信息: | 北京 中国轻工业出版社 2010.2 |
|
| 页数: | 364页 | |
| 开本: | 24cm | |
| 丛书名: | ||
| 单 册: | ||
| 中图分类: | TS262.3 | |
| 科图分类: | ||
| 主题词: | 白酒--生产工艺 | |
| 电子资源: | ||
| ISBN: | 978-7-5019-7465-8 | |
| 000 | 00944nam0 2200253 45 | |
| 001 | 1354544671 | |
| 005 | 20130510084932.50 | |
| 010 | @a978-7-5019-7465-8@dCNY48.00 | |
| 100 | @a20130108d2010 em y0chiy0121 ea | |
| 101 | 0 | @achi |
| 102 | @aCN@b110000 | |
| 105 | @aak a 000yy | |
| 106 | @ar | |
| 200 | 1 | @a低度白酒生产技术@ADi Du Bai Jiu Sheng Chan Ji Shu@f李大和主编@FLi Da He Zhu Bian |
| 205 | @a2版 | |
| 210 | @a北京@c中国轻工业出版社@d2010.2 | |
| 215 | @a364页@c图@d24cm | |
| 320 | @a有书目 (第363-364页) | |
| 330 | @a本书内容包括: 固态发酵法原酒的生产工艺、提高低度白酒原酒质量的技术、白酒微量香味成分、白酒中质量缺陷的成因及其解决措施、稀释降度用书、固态白酒降度后浑浊的原因及解决措施、低度白酒贮存中质量的变化、低度白酒的勾兑和调味、低度白酒的过滤与装备等。 | |
| 606 | 0 | @a白酒@x生产工艺 |
| 690 | @aTS262.3@v5 | |
| 701 | 0 | @a李大和@ALi Da He@4主编 |
| 801 | @aCN@bTANGWEI@c20130109 | |
| 905 | @b0830782-84@dTS262.3@e145=2@f3 | |
| 低度白酒生产技术/李大和主编.-2版.-北京:中国轻工业出版社,2010.2 |
| 364页:图;24cm |
| ISBN 978-7-5019-7465-8:CNY48.00 |
| 本书内容包括: 固态发酵法原酒的生产工艺、提高低度白酒原酒质量的技术、白酒微量香味成分、白酒中质量缺陷的成因及其解决措施、稀释降度用书、固态白酒降度后浑浊的原因及解决措施、低度白酒贮存中质量的变化、低度白酒的勾兑和调味、低度白酒的过滤与装备等。 |
| ● |
| 相关链接 |
|
|
|
|
正题名:低度白酒生产技术
索取号:TS262.3/145=2
 
预约/预借
| 序号 | 登录号 | 条形码 | 馆藏地/架位号 | 状态 | 备注 |
| 1 | 0830782 | 208307820 | 第二样本阅览室/ [索取号:TS262.3/145=2] | 在馆 | |
| 2 | 0830783 | 208307839 | 第三借阅区/ [索取号:TS262.3/145=2] | 在馆 | |
| 3 | 0830784 | 208307848 | 密集书库-化学系/ [索取号:TS262.3/145=2] | 在馆 |